000 00631nam a22002177a 4500
003 UA-OsUOA
001 121383
007 ta
008 20170320b un ||||| |||| 00| 0 ukr d
100 _aМихайлин І.
090 _a81
_bМ69
942 _cSA
040 _aUA-OsUOA
_bukr
_cUA-OsUOA
_dUA-OsUOA
245 _aВербальна мова науки і атрибутивне наукознавство
300 _aС.212-216
955 _a0
041 _aukr
080 _a81
773 0 _w121381
650 7 _a8 Мовознавство. Художня література. Літературознавство
_2UDC
999 _c407553
_d407553